000 00814nas a2200265 4500
001 BR6600452
003 BR-BrBNA
005 20231205082233.0
007 ta
008 230509b bl.|||p| |||| 00| 00por d
040 _aBR-BrBNA
_bpor
_cBiblioteca Nacional de Agricultura
041 _a(Pt)
072 _aH20
100 1 _aKurozawa, C.
100 1 _aTokeshi, H.
245 1 _aDeterminacao das racas fisiologicas do Fusarium do tomateiro de Pernambuco [Brasil]
650 _aTOMATE
650 _aVARIEDADE
650 _aMURCHA DE FUSARIUM
650 _aVARIEDADE RESISTENTE
650 _aPERNAMBUCO
773 0 _tAnais da Escola Superior de Agricultura Luiz de Queiroz (Brazil)
_xISSN 0071-1276
_g(1966), v. 23 p. 211-215
_wBR6600452
909 _a202311
_bLúcia
_c55
_dLúcia Elande
942 _2AGRIS
_n0
_cANA
999 _c90206
_d90206